000
00210nam a2200097Ia 4500
008
190216s9999||||xx |||||||||||||| ||und||
100
_a
Jagathi
245
0
_a
Japan Daiyam
260
_b
Current Books
942
_c
BK
999
_c
23596
_d
23596